000 02432cam a2200637 a 4500
999 _c23002
_d23002
001 vtls011566109
005 20211109091717.0
008 171215s2016 xo hoabg 000 0 slo
020 _a9788097232085 (viaz.)
035 _a07FAF3EB-104B-483E-BEE8-C4DED5AA1988
035 _aurn:nbn:sk:snk-amtgzy
035 _aurn:nbn:sk:snk-am00bxhd
035 _aC898CFD7-65A5-45BF-ADD1-CFDB83E0EEF1
035 _aurn:nbn:sk:snk-am00bxhe
040 _aSVKBB
_bslo
_cSVKBB
_dSNK
_eAACR2
041 0 _aslo
044 _axo
_cSK
072 7 _a329
_xPolitické strany a hnutia
_2konspekt
072 7 _a94(437.6)
_xDejiny Slovenskej republiky
_2konspekt
080 _a32
_22011
080 _a94(4)"1848/1849"
_22011
080 _a329.1/.6
_22011
080 _a929
_22011
080 _a94(437.6)
_22011
080 _a(048.8)
_22011
080 _a328/329
_22011
080 _a(082.2)
_22011
100 1 _aPecník, Marcel,
_d1983-
_4aut
_4com
_92312
245 1 0 _a1871
_bzačiatky slovenskej politiky a vznik Slovenskej národnej strany
_cMarcel Pecník a kolektív
246 3 _aTisícosemstosedemdesiatjeden
246 3 0 _aZačiatky slovenskej politiky a vznik Slovenskej národnej strany
260 _a[Bratislava]
_bSlovenská národná strana
_c2016
300 _a87 s.
_bfaks., fotogr., ilustr., mp.
_c30 cm
_e17 l.
500 _aVydané pri príležitosti 145. výročia vzniku Slovenskej národnej strany
500 _aMiesto vyd. podľa ISBN
610 2 7 _aSlovenská národná strana
_2SNKKA
_92313
648 7 _a1848-1871
_2SNKPH
_92314
650 0 7 _apolitika
_2SNKPH
_92186
650 0 7 _aPolicy
_2SNKPHeng
_92315
650 0 7 _apolitické strany
_xdejiny
_2SNKPH
_92316
650 0 7 _aCelebrities
_2SNKPHeng
_92317
650 0 7 _aPolitical parties
_xhistory
_2SNKPHeng
_92318
650 0 7 _aosobnosti
_2SNKPH
_92319
650 0 7 _arevolúcia (1848-1849)
_2SNKPH
_92320
650 0 7 _aRevolution (1848-1849)
_2SNKPHeng
_92321
651 7 _aSlovensko
_xpolitika a vláda
_2SNKPH
_91976
651 7 _aSlovakia
_xpolitics and government
_2SNKPHeng
_91977
651 7 _aSlovensko
_xdejiny
_2SNKPH
_91981
651 7 _aSlovakia
_xhistory
_2SNKPHeng
_92322
655 7 _amonografie
_2SNKPH
_91661
655 7 _aMonographs
_2SNKPHeng
_91662
655 7 _ajubilejné publikácie
_2SNKPH
_92323
655 7 _aJubilee books
_2SNKPHeng
_92324
700 1 _aDobrová, Veronika
_4aut
_92325